| 000 | 00785nam a2200217Ia 4500 | ||
|---|---|---|---|
| 999 |
_c39438 _d39438 |
||
| 001 | 6029 | ||
| 003 | GE_BSU | ||
| 005 | 20190904112436.0 | ||
| 008 | 181216s1953||||ge |||||||||||||| ||geo|| | ||
| 040 | _cGE_BSU | ||
| 041 | _ageo | ||
| 080 | _a821.353.1-1 ა-26 | ||
| 100 |
_aადამია, ალიო _93893 |
||
| 245 |
_aუბის წიგნიდან : _bლექსები / _cალიო ადამია ; რედ. გ. აბაშიძე. |
||
| 264 |
_aთბილისი : _bსაბლიტგამი ; _c1953. |
||
| 300 |
_a158 გვ. ; _c20 სმ. |
||
| 653 | _aუბის წიგნიდან | ||
| 653 | _aლექსები | ||
| 700 |
_aაბაშიძე, გ. _eრედაქტორი _91910 |
||
| 942 |
_cBK _2udc |
||